All Ruling U.S. Presidential Parties - Statistics

General Stats
  • This quiz has been taken 27 times
  • The average score is 5 of 7
Answer Stats
Answer % Correct
Democratic
100%
Democratic-Republican
100%
Republican
100%
Whig
96%
Federalist
80%
National Union
36%
National Republican
16%
No matching quizzes found
Score Distribution
Percent of People with Each Score
Percentile by Number Answered
Your Score History
You have not taken this quiz